Cargando...

ആദർശ ഹിന്ദു ഹോട്ടൽ

Detalles Bibliográficos
Autor principal: ബന്ദ്യോപാധ്യായ, ബിപൂതിഭൂഷൺ
Otros Autores: Bandhopadhyaya, Bipoothibhooshan
Formato: Printed Book
Publicado: Thiruvananthapuram Chintha 2011
Materias:
LEADER 00615nam a22001577a 4500
020 |a 9788126207398 
082 |a M891.443  |b BAN/A 
100 |a ബന്ദ്യോപാധ്യായ, ബിപൂതിഭൂഷൺ  
245 |a ആദർശ ഹിന്ദു ഹോട്ടൽ  
260 |a Thiruvananthapuram  |b Chintha  |c 2011 
300 |a 216p. 
650 |a Adarsa hindu hotel 
700 |a Bandhopadhyaya, Bipoothibhooshan 
942 |c BK 
999 |c 43897  |d 43897 
952 |0 0  |1 0  |4 0  |6 M_891_443000000000000_BANA  |7 0  |8 Stack  |9 47854  |a KUCL  |b KUCL  |c Stack  |d 2017-07-17  |g 140.00  |l 0  |o M891.443 BAN/A  |p 44668  |r 2019-01-22  |w 2017-07-17  |y BK